<?xml version="1.0" encoding="UTF-8"?><?xml-stylesheet type="text/xsl" href="static/style.xsl"?><OAI-PMH xmlns="http://www.openarchives.org/OAI/2.0/" xmlns:xsi="http://www.w3.org/2001/XMLSchema-instance" xsi:schemaLocation="http://www.openarchives.org/OAI/2.0/ http://www.openarchives.org/OAI/2.0/OAI-PMH.xsd"><responseDate>2026-04-14T06:34:33Z</responseDate><request verb="GetRecord" identifier="oai:www.recercat.cat:20.500.12327/3185" metadataPrefix="marc">https://recercat.cat/oai/request</request><GetRecord><record><header><identifier>oai:recercat.cat:20.500.12327/3185</identifier><datestamp>2025-10-22T11:26:46Z</datestamp><setSpec>com_2072_4428</setSpec><setSpec>com_2072_4427</setSpec><setSpec>col_2072_487898</setSpec></header><metadata><record xmlns="http://www.loc.gov/MARC21/slim" xmlns:dcterms="http://purl.org/dc/terms/" xmlns:xsi="http://www.w3.org/2001/XMLSchema-instance" xmlns:doc="http://www.lyncode.com/xoai" xsi:schemaLocation="http://www.loc.gov/MARC21/slim http://www.loc.gov/standards/marcxml/schema/MARC21slim.xsd">
   <leader>00925njm 22002777a 4500</leader>
   <datafield ind2=" " ind1=" " tag="042">
      <subfield code="a">dc</subfield>
   </datafield>
   <datafield ind2=" " ind1=" " tag="720">
      <subfield code="a">Talavera, Sandra</subfield>
      <subfield code="e">author</subfield>
   </datafield>
   <datafield ind2=" " ind1=" " tag="720">
      <subfield code="a">Muñoz-Muñoz, Francesc</subfield>
      <subfield code="e">author</subfield>
   </datafield>
   <datafield ind2=" " ind1=" " tag="720">
      <subfield code="a">Durán, Mauricio</subfield>
      <subfield code="e">author</subfield>
   </datafield>
   <datafield ind2=" " ind1=" " tag="720">
      <subfield code="a">Verdún, Marta</subfield>
      <subfield code="e">author</subfield>
   </datafield>
   <datafield ind2=" " ind1=" " tag="720">
      <subfield code="a">Soler-Membrives, Anna</subfield>
      <subfield code="e">author</subfield>
   </datafield>
   <datafield ind2=" " ind1=" " tag="720">
      <subfield code="a">Oleaga, Álvaro</subfield>
      <subfield code="e">author</subfield>
   </datafield>
   <datafield ind2=" " ind1=" " tag="720">
      <subfield code="a">Arenas, Antonio</subfield>
      <subfield code="e">author</subfield>
   </datafield>
   <datafield ind2=" " ind1=" " tag="720">
      <subfield code="a">Ruiz-Fons, Francisco</subfield>
      <subfield code="e">author</subfield>
   </datafield>
   <datafield ind2=" " ind1=" " tag="720">
      <subfield code="a">Estrada, Rosa</subfield>
      <subfield code="e">author</subfield>
   </datafield>
   <datafield ind2=" " ind1=" " tag="720">
      <subfield code="a">Pages, Nonito</subfield>
      <subfield code="e">author</subfield>
   </datafield>
   <datafield ind2=" " ind1=" " tag="260">
      <subfield code="c">2015-10-28</subfield>
   </datafield>
   <datafield ind2=" " ind1=" " tag="520">
      <subfield code="a">The genus Culicoides Latreille 1809 is a well-known vector for protozoa, filarial worms and, above all, numerous viruses. The Bluetongue virus (BTV) and the recently emerged Schmallenberg virus (SBV) are responsible for important infectious, non-contagious, insect-borne viral diseases found in domestic ruminants and transmitted by Culicoides spp. Both of these diseases have been detected in wild  ruminants, but their role as reservoirs during the vector-free season still remains relatively unknown. In fact, we tend to ignore the possibility of wild ruminants acting as a source of disease (BTV, SBV) and permitting its reintroduction to domestic ruminants during the following vector season. In this context, a&#xd;
knowledge of the composition of the Culicoides species communities that inhabit areas where there are wild ruminants is of major importance as the presence of a vector species is a prerequisite for disease transmission. In this study, samplings were conducted in areas inhabited by different wild ruminant species; samples were taken in both 2009 and 2010, on a monthly basis, during the peak season for midge activity (in summer and autumn). A total of 102,693 specimens of 40 different species of the genus Culicoides were trapped; these included major BTV and SBV vector species. The most abundant vector species were C. imicola and species of the Obsoletus group, which represented 15% and 11% of total numbers of specimens, respectively. At the local scale, the presence of major BTV and SBV vector species in areas with wild ruminants coincided with that of the nearest sentinel farms included in the Spanish Bluetongue Entomological Surveillance Programme, although their relative abundance varied. The data suggest that such species do not exhibit strong host specificity towards either domestic or wild ruminants and that they could consequently play a prominent role as bridge vectors for different pathogens between both types of ruminants. This finding would support the hypothesis that wild ruminants could act as reservoirs for such pathogens, and subsequently be involved in the reintroduction of disease to livestock on neighbouring farms.</subfield>
   </datafield>
   <datafield ind1="8" ind2=" " tag="024">
      <subfield code="a">Talavera, Sandra, Francesc Muñoz-Muñoz, Mauricio Durán, Marta Verdún, Anna Soler-Membrives, Álvaro Oleaga, Antonio Arenas, Francisco Ruiz-Fons, Rosa Estrada, and Nitu Pagès. 2015. "Culicoides Species Communities Associated With Wild Ruminant Ecosystems In Spain: Tracking The Way To Determine Potential Bridge Vectors For Arboviruses". PLOS ONE 10 (10): e0141667. doi:10.1371/journal.pone.0141667.</subfield>
   </datafield>
   <datafield ind1="8" ind2=" " tag="024">
      <subfield code="a">1932-6203</subfield>
   </datafield>
   <datafield ind1="8" ind2=" " tag="024">
      <subfield code="a">http://hdl.handle.net/20.500.12327/3185</subfield>
   </datafield>
   <datafield ind1="8" ind2=" " tag="024">
      <subfield code="a">https://doi.org/10.1371/journal.pone.0141667</subfield>
   </datafield>
   <datafield ind2="0" ind1="0" tag="245">
      <subfield code="a">Culicoides Species Communities Associated with Wild Ruminant Ecosystems in Spain: Tracking the Way to Determine Potential Bridge Vectors for Arboviruses</subfield>
   </datafield>
</record></metadata></record></GetRecord></OAI-PMH>